| 000 | 02556cam a22004814i 4500 | ||
|---|---|---|---|
| 003 | PE-LiUPU | ||
| 005 | 20250731172902.0 | ||
| 008 | 17019 s2013 miu rb 000 0 eng d | ||
| 020 | _a0801039770 | ||
| 020 | _a9780801039775 | ||
| 035 | _a(Sirsi) a165978 | ||
| 040 |
_aPE-LiUPU _bspa _cPE-LiUPU _erda |
||
| 049 | _aPRUA | ||
| 082 | 0 | 4 |
_a220.601 _bB24 _223 |
| 100 | 1 |
_aBartholomew, Craig G., _eautor. |
|
| 245 | 1 | 0 |
_aIntroducing biblical hermeneutics : _ba comprehensive framework for hearing God in Scripture / _cCraig G. Bartholomew. |
| 264 |
_aGrand Rapids. Michigan: _bBaker Academic, _c2015. |
||
| 300 |
_a623 páginas ; _c24 centimetros. |
||
| 336 |
_atext _2rdacontent |
||
| 337 |
_aunmediated _2rdamedia |
||
| 338 |
_avolume _2rdacarrier |
||
| 504 | _aBibliografía : páginas 547-591. | ||
| 505 | 0 | 4 | _aApproaching biblical interpretation -- Biblical interpretation Coram Deo -- Listening and biblical interpretation -- Biblical interpretation and biblical theology -- The story of our world -- The development of biblical theology -- The story of biblical interpretation -- The traditions within which we read -- Early and medieval Jewish biblical interpretation -- Renaissance, reformation, and modernity -- Canon -- Biblical interpretation and the academic disciplines -- Philosophy, hermeneutics, and biblical interpretation -- History -- Literature -- Theology -- Scripture and the university : the ecology of christian scholarship -- The goal of biblical interpretation -- The "Epistle" to the Hebrews : but we do see Jesus -- Preaching the Bible for all it's worth : the resurrection of the Sermon and the Incarnation of the Christ. |
| 526 | _aSEG42 | ||
| 526 | _aSEG41 | ||
| 526 | _aSEG40 | ||
| 526 | _aSEG39 | ||
| 526 | _aP94 | ||
| 526 | _aP87 | ||
| 526 | _aP86 | ||
| 526 | _aP85 | ||
| 526 | _aP77 | ||
| 526 | _aP76 | ||
| 526 | _aP35 | ||
| 650 | 0 | 4 | _aReligión / Referencia Bíblica General. |
| 910 |
_adbm _bksl _cksl _d20180105 |
||
| 596 | _a1 | ||
| 942 |
_2ddc _cBOOK |
||
| 999 |
_a220.601 B24 _wLC _c14715 _i75540 _d14715 _e2017-4-18 _f2021-11-9 _g5 _lCCODEBUL1 _mBUL _n3 _p27.00 _q1 _r0 _sY _tBOOK _u2017-1-11 _xTEOLOGIA _PP85 _0COMPRA _o.STAFF. Colección Teología |
||
| 999 |
_a220.601 B24 _wLC _c2 _i77926 _d2019-8-19 _e2019-4-1 _f2021-11-9 _g4 _lCCODEBUL1 _mBUL _n1 _p27.00 _q2 _r0 _sY _tBOOK _u2018-1-5 _xTEOLOGIA _PP85 _0DONACION _o.STAFF. Colección Teología |
||
| 980 |
_81 _gALBERTO SANCHEZ Responsable de Automatización |
||